000 00585nam a2200205Ia 4500
003 OSt
005 20240909090829.0
008 220927b |||||||| |||| 00| 0 eng d
020 _a9780754656883
040 _aSDCL
_cSDCL
_beng
041 _2eng
_aeng
082 _aRvN P7
100 _aDeutscher, Max
_9467882
245 0 _aJudgment after Arendt.
260 _aEngland:
_bAshgate,
_c2007.
300 _axvii,174p.
_ccm.
650 _aPhilosophy-Contemporary-Nineteenth Century
_9442998
942 _hRvN P7
_cTEXL
_2CC
999 _c780782
_d780782